Les 10 pays qui censurent le plus internet - Statistiques

Statistiques générales
  • Ce quiz a été pris 281 fois
  • Le résultat moyen est 5 sur 10
Statistiques - réponses
Rang Pays % Correct
2 Chine
96%
1 Corée du Nord
95%
6 Iran
77%
5 Arabie Saoudite
70%
7 Syrie
59%
9 Vietnam
43%
10 Birmanie (Myanmar)
40%
3 Erythrée
18%
4 Ethiopie
16%
8 Tunisie
16%
Aucun quiz correspondant
Distribution des résultats
% des personnes avec chaque résultat
Percentile par nombre de réponses
Votre historique - résultats
Vous n’avez pas pris ce quiz